Statistics for 5 Biggest Cities : Luxembourg

Click here to take the quiz!

General Stats

  • This quiz has been taken 113 times
  • The average score is 3 of 5

Answer Stats

RankCity% Correct
1Luxembourg
100%
2Esch-sur-Alzette
72%
3Dudelange
52%
5Bettembourg
18%
4Schifflange
12%

Score Distribution

Percentile by Number Answered

Percent of People with Each Score

Your Score History

You have not taken this quiz